Flagi państw graniczących z Rosją! - Statystyki

Ogólne statystyki
  • Ten quiz został rozwiązany 24 razy
  • Średni wynik to 14 z 14
Statystyki odpowiedzi
Obrazkowy Odpowiedź % Poprawnych
Chiny
100%
Finlandia
100%
Litwa
100%
Polska
100%
Ukraina
100%
Białoruś
96%
Estonia
96%
Gruzja
96%
Kazachstan
96%
Korea Północna
96%
Łotwa
96%
Mongolia
96%
Norwegia
96%
Azerbejdżan
91%
Nie znaleziono quizów pasujących do podanych kryteriów
Rozkład punktacji
Procent ludzi z każdym wynikiem
Percentyl według liczby udzielonych odpowiedzi
Twoja historia wyników
Nie rozwiązałeś tego quizu